Microwave Principles / (Record no. 191041)
[ view plain ]
| 000 -LEADER | |
|---|---|
| fixed length control field | 00885 a2200157 4500 |
| 003 - CONTROL NUMBER IDENTIFIER | |
| control field | Nust |
| 005 - DATE AND TIME OF LATEST TRANSACTION | |
| control field | 20221125085220.0 |
| 040 ## - CATALOGING SOURCE | |
| Transcribing agency | Nust |
| 082 ## - DEWEY DECIMAL CLASSIFICATION NUMBER | |
| Classification number | 621.3813,REI |
| 100 ## - MAIN ENTRY--PERSONAL NAME | |
| Personal name | Herbert J. Reich , John G. Skalnik, Philip F. Ordung , Herbert L. Krauss |
| 9 (RLIN) | 103542 |
| 245 ## - TITLE STATEMENT | |
| Title | Microwave Principles / |
| Statement of responsibility, etc. | Herbert J. Reich , John G. Skalnik, Philip F. Ordung , Herbert L. Krauss |
| 260 ## - PUBLICATION, DISTRIBUTION, ETC. | |
| Place of publication, distribution, etc. | London |
| Name of publisher, distributor, etc. | D.Van Nostrand |
| Date of publication, distribution, etc. | c1957 |
| 300 ## - PHYSICAL DESCRIPTION | |
| Extent | ix,423 P; |
| 505 ## - FORMATTED CONTENTS NOTE | |
| Formatted contents note | Transmission Lines (Page-1), Waveguide (Page-16), Waveguide and Coaxial Line Components (Page-49), Impedance Matching (Page-95), Measurements (Page-107), Antennas (Page-126), Microwave Resonators (Page-149), Fundamentals of Microwave Amplifiers and Oscillators (Page-174), Triode and Tetrode Microwave Amplifier (Page-222), Klystrons (Page-248), Magnetrons (Page-307), Traveling Wave and Electron (Page-352), |
| 942 ## - ADDED ENTRY ELEMENTS (KOHA) | |
| Source of classification or shelving scheme | |
| Koha item type | Book |
| Withdrawn status | Lost status | Source of classification or shelving scheme | Damaged status | Not for loan | Permanent Location | Current Location | Shelving location | Date acquired | Full call number | Barcode | Date last seen | Price effective from | Koha item type | Public note | Total Checkouts |
|---|---|---|---|---|---|---|---|---|---|---|---|---|---|---|---|
| Military College of Signals (MCS) | Military College of Signals (MCS) | General Stacks | 12/12/2016 | 621.3813,REI | MCS26193 | 12/08/2016 | 12/12/2016 | Book | Almirah No.32, Shelf No.3 | ||||||
| Military College of Signals (MCS) | Military College of Signals (MCS) | General Stacks | 11/25/2022 | 621.3813,REI | MCS6276 | 11/25/2022 | 11/25/2022 | Book | Almirah No.32, Shelf No.3 |
